[Event "Mephisto Cup (40/120')"]
[Site "?"]
[Date "2013.??.??"]
[Round "8"]
[White "Mephisto 68030, Genius"]
[Black "Mephisto ARM6, Montreux"]
[Result "1-0"]
[WhiteElo "2278"]
[BlackElo "2250"]
[Annotator "xchessg"]
[PlyCount "120"]
[SourceDate "2009.11.09"]

{Riskant; B+T+D 110%; L+S 100%; sel 12 RF} 1. e4 c5 {Aktiv} 2. Nf3 d6 3. d4
cxd4 4. Nxd4 Nf6 5. Nc3 a6 6. Be2 e5 7. Nb3 Be7 8. O-O Be6 9. Be3 {[%eval 21,0]
*Turnierbuch mensch;} Nc6 {*randombook; -75} 10. Nd5 O-O {a tempo} 11. f3 Bxd5
{a tempo} 12. exd5 Nb8 13. c4 Qc7 {a tempo} 14. Bd3 a5 15. Rc1 {[%eval 112,0]}
a4 {-59} 16. Nd2 Na6 17. Bb1 Nc5 {a tempo} 18. Qc2 Rfb8 19. h3 b5 20. cxb5 {
[%eval 81,0] a tempo;} Rxb5 {[%emt 0:00:07]} 21. Ne4 Nfxe4 22. fxe4 {a tempo}
Qb6 23. Qf2 {a tempo} f6 24. Rc2 Rb8 {a tempo} 25. b3 {[%eval -21,0]} Ra8 {
[%emt 0:00:52]} 26. Bxc5 dxc5 27. Re2 axb3 28. axb3 Rb4 29. Bc2 Ra2 30. Kh1 {
[%eval 12,0]} Qd6 {[%emt 0:00:28]} 31. Bd1 Ra3 32. Qf5 Ra8 {a tempo} 33. Re3 g6
34. Qf2 Rd4 35. Bg4 {[%eval 42,0] a tempo;} f5 $2 {-0.1} 36. exf5 Qxd5 $2 (
36... Rf8) 37. f6 {[%eval 142,0] a tempo;} Bf8 {-225} 38. f7+ Kh8 39. Bf3 e4
40. Bxe4 {[%eval 254,0] a tempo;} Rxe4 {[%eval -212,0]} 41. Qf6+ {a tempo} Bg7
{a tempo} 42. Qf3 Qxf7 43. Rxe4 {a tempo} Qxf3 44. Rxf3 {a tempo} Kg8 45. Kh2 {
[%eval 254,0] a tempo;} Rd8 {-253} 46. Re7 h5 47. Re6 Kh7 48. Rg3 Rg8 49. Rg5 {
a tempo} Bd4 50. g3 {[%eval 278,0] a tempo;} Rb8 51. Rgxg6 Rxb3 52. Rh6+ Kg7
53. Rxh5 Rb2+ 54. Kh1 {[%eval 412,0]} Rf2 {-295} 55. g4 Rc2 56. Rc6 Kf7 {-339}
57. Rh7+ Kg8 58. Rb7 Rf2 {-394} 59. g5 Rf8 60. h4 Re8 {-474} 1-0

[Event "Mephisto Cup (40/120')"]
[Site "?"]
[Date "2013.??.??"]
[Round "9"]
[White "Mephisto ARM6, Montreux"]
[Black "Mephisto 68030, Genius"]
[Result "0-1"]
[WhiteElo "2250"]
[BlackElo "2278"]
[Annotator "xchessg"]
[PlyCount "95"]
[SourceDate "2009.11.09"]

{Aktiv} 1. d4 Nf6 {[%emt 0:00:12] Riskant; RF 0.25; B+D+T 110%, S+L 100%, sel}
2. c4 c5 3. d5 b5 4. cxb5 a6 5. Nc3 Qa5 6. e3 {*Randombook; 75} Bb7 {[%eval
-75,0] *Turnierbuch mensch;} 7. Bd2 Qb6 8. Bc4 axb5 9. Qb3 {a tempo} b4 10. Nf3
{[%emt 0:00:34]} e6 {[%eval 24,0]} 11. O-O {a tempo} Qa5 12. Be1 Be7 13. Rd1
Ba6 14. d6 Bf8 15. Ne2 {-40} Qb6 {[%eval 130,0]} 16. Bxa6 Qxa6 {a tempo} 17.
Qc2 Bxd6 {a tempo} 18. Bxb4 {-65} Bxh2+ {[%eval 142,0]} 19. Kxh2 {a tempo} cxb4
20. Qc5 Nc6 21. Ned4 Ne4 22. Qc2 {a tempo} Nxd4 23. Nxd4 Qb7 24. f3 Qb8+ 25.
Kg1 {a tempo; -107} Ng3 {[%eval 200,0]} 26. Rfe1 Rxa2 27. Qb3 Ra7 28. e4 O-O
29. e5 {a tempo} Rc8 30. f4 {-82} Nh5 {[%eval 215,0]} 31. Qf3 g6 32. g4 Ng7 33.
Qb3 Qb6 34. Qe3 Ra2 35. Re2 Rc4 {a tempo} 36. Qd3 Qc5 37. Kh2 h5 38. gxh5 {a
tempo} Nxh5 {a tempo} 39. Qe3 d5 40. Kg1 {-204} Qb6 {[%eval 339,0]} 41. Red2
Qc7 42. Qb3 Ra8 43. Qe3 Rc1 44. Ne2 Rxd1+ 45. Rxd1 Qc2 46. Rd2 Qb1+ 47. Kg2 Qe1
48. Qd3 {[%eval -339,0]} 0-1

[Event "Mephisto Cup (40/120')"]
[Site "?"]
[Date "2013.??.??"]
[Round "10"]
[White "Mephisto 68030, Genius"]
[Black "Mephisto ARM6, Montreux"]
[Result "1/2-1/2"]
[WhiteElo "2278"]
[BlackElo "2250"]
[Annotator "xchessg"]
[PlyCount "126"]
[SourceDate "2009.11.09"]

1. d4 {[%eval 25,0] Riskant; B+D+T 110%, S+L 100%, sel 12 RF} d5 {Aktiv} 2. c4
c6 3. Nf3 Nf6 4. Nc3 e6 5. e3 Nbd7 6. Bd3 Be7 7. O-O {[%eval 72,0]
*Turnierbuch mensch;} O-O 8. b3 b6 {Randombook; -74} 9. Bb2 {a tempo} Bb7 10.
Qc2 Qc7 11. Rac1 Rac8 {a tempo} 12. h3 Rfd8 13. Qb1 a6 14. cxd5 exd5 15. Qc2 {
[%eval 63,0] a tempo;} c5 {-24} 16. Ne2 Ne4 17. dxc5 Qxc5 $6 18. Qb1 Qb4 {a
tempo} 19. Ned4 Bf6 20. Rfd1 {[%eval 75,0] a tempo;} Qe7 {-0.3} 21. Kf1 g6 22.
a3 Ne5 23. Nxe5 Bxe5 24. Kg1 Bg7 25. Rxc8 {[%eval 33,0]} Rxc8 {[%emt 0:00:18]}
26. Rc1 Rxc1+ 27. Qxc1 {a tempo} Nc5 28. Bc2 Qc7 29. b4 Nd7 30. Bd3 {[%eval 30,
0]} Qxc1+ 31. Bxc1 {a tempo} Ne5 32. Be2 {a tempo} Nc4 33. Bf3 {a tempo} h5 34.
g4 hxg4 35. hxg4 {[%eval 21,0] a tempo;} Bf8 {[%emt 0:00:24]} 36. Kg2 a5 37.
bxa5 bxa5 38. a4 {[%eval -6,0]} Be7 39. Nb5 Nb6 40. Bd2 {[%eval -39,0]} Bb4 {88
} 41. Bxb4 {a tempo} axb4 42. Bd1 d4+ 43. Kf1 {a tempo} dxe3 44. fxe3 Nc4 45.
Kf2 Na5 46. Ke2 {a tempo} Kf8 47. g5 Ke7 48. Kd3 f6 49. gxf6+ Kxf6 50. Kd4 {
[%eval 0,0]} b3 51. Nc3 {[%eval 75,0]} b2 {[%emt 0:00:25]} 52. Kc5 {[%eval 15,
0] a tempo;} Nc6 53. Bc2 g5 {[%emt 0:00:00]} 54. Ne4+ Ke5 55. Nxg5 Ne7 {-13}
56. Kb4 {[%eval 87,0]} Nd5+ 57. Kb3 {a tempo} Nxe3 58. Kxb2 Nxc2 59. Kxc2 {
[%eval 0,0] a tempo;} Kd6 {[%emt 0:00:00]} 60. Kc3 {[%eval 0,0]} Bc6 {[%emt 0:
00:00]} 61. a5 Kc5 62. a6 Kb6 63. a7 Kxa7 1/2-1/2

[Event "Mephisto Cup (40/120')"]
[Site "?"]
[Date "2012.??.??"]
[Round "1"]
[White "Mephisto 68030, Genius"]
[Black "Saitek Sparc, Renaissance"]
[Result "0-1"]
[WhiteElo "2278"]
[BlackElo "2246"]
[Annotator "xchessg"]
[PlyCount "109"]
[SourceDate "2009.11.09"]

{Riskant, RF 0.25; D+T+B 110%, L+S 100%, Sel} 1. c4 e5 {Stufe f7} 2. Nc3 Nf6 3.
Nf3 Nc6 4. g3 d5 5. cxd5 Nxd5 6. Bg2 Nb6 7. d3 Be7 8. O-O Be6 9. a3 O-O 10. b4
f6 11. Bb2 Qe8 12. Ne4 {[%eval 63,0] *Turnierbuch modern;} a5 {[%eval 4,0]
*Turnierbuch;} 13. Nc5 {a tempo} Bf7 14. Nxb7 axb4 15. axb4 Nxb4 {a tempo} 16.
Nh4 Qd7 17. Qd2 Nc4 18. Qc3 Nxb2 19. Qxb2 {a tempo} g5 20. Nc5 {[%eval 39,0]}
Bxc5 {[%eval -136,0] a tempo;} 21. Bxa8 {[%eval -18,0]} gxh4 {[%eval -153,0] a
tempo;} 22. Bg2 Rb8 23. Rac1 Bb6 24. Kh1 Bd4 {a tempo} 25. Qd2 {[%eval -18,0]}
h3 26. Be4 {a tempo} Bd5 27. Qh6 {a tempo} Bxe4+ 28. dxe4 {a tempo} Rb6 29. Qh5
Na2 30. Rcd1 {[%eval -9,0] a tempo;} Nc3 31. e3 {a tempo} Nxd1 32. Rxd1 {a
tempo} c5 33. exd4 cxd4 34. f4 Qc6 35. Qg4+ {[%eval -81,0] a tempo;} Kh8 {
[%eval -107,0]} 36. fxe5 fxe5 {a tempo} 37. Qf5 Qf6 38. Qc8+ {a tempo} Kg7 39.
Qg4+ {a tempo} Qg6 40. Qd7+ {[%eval -69,0] a tempo;} Qf7 {-1.46; Totalzeit 1.
35'} 41. Qg4+ {a tempo} Rg6 42. Qe2 Rf6 {a tempo} 43. Qg4+ Qg6 44. Qh4 {[%eval
-169,0]} h5 {[%eval -213,0]} 45. Rc1 {a tempo} Qg4 46. Qxg4+ {a tempo} hxg4 {
a tempo} 47. Kg1 Rb6 48. Rc7+ Kf6 49. Rc1 {a tempo} Rb3 50. Rc6+ {[%eval -230,
0]} Ke7 {[%eval -253,0] a tempo;} 51. Rc7+ Kd6 52. Rg7 Rb1+ 53. Kf2 {a tempo}
Rb2+ {[%eval -348,0]} 54. Kf1 {[%eval -384,0]} Rxh2 55. Rg6+ {[%eval -481,0]}
0-1

[Event "Mephisto Cup (40/120')"]
[Site "?"]
[Date "2012.??.??"]
[Round "2"]
[White "Saitek Sparc, Renaissance"]
[Black "Mephisto 68030, Genius"]
[Result "1-0"]
[WhiteElo "2246"]
[BlackElo "2278"]
[Annotator "xchessg"]
[PlyCount "118"]
[SourceDate "2009.11.09"]

{Stufe e7} 1. c4 c5 {[%emt 0:00:08] Stil Riskant, RF 0.25, D+T+B 110%, S+L
100%, Sel} 2. Nc3 Nc6 3. Nf3 Nf6 4. d4 cxd4 5. Nxd4 g6 6. Nxc6 {[%eval 39,0]
*Turnierbuch;} bxc6 {[%eval 6,0] *Turnierbuch modern;} 7. e4 Bg7 8. Be2 Rb8 9.
Qa4 a5 10. O-O {[%eval 41,0]} O-O {[%eval 27,0]} 11. Rd1 Qc7 12. Rb1 Qe5 13. g3
Qc7 14. c5 Rb4 15. Qc2 {0.63; Zeit 43'36"} Qe5 {0.12; Zeit 39'25"} 16. a3 {
Stufe e7} Rd4 {a tempo} 17. Bd3 Qxc5 18. Be3 {a tempo} Ng4 19. Bxd4 {a tempo}
Bxd4 20. Rd2 {013, 51'59"} Qh5 {0.93; 65'} 21. h4 {a tempo} Nxf2 22. Bf1 Be3
23. Rxf2 Qf3 24. Bg2 Qxg3 25. Nd1 {[%eval -29,0]} Bb6 {[%eval 121,0]} 26. Qc3 {
a tempo} Bxf2+ 27. Nxf2 Qxh4 {a tempo} 28. Qxa5 f5 {a tempo} 29. Rf1 fxe4 30.
Nxe4 Rxf1+ {[%eval 81,0] a tempo;} 31. Bxf1 Qxe4 32. Qd8+ {a tempo} Kg7 33.
Qxc8 Qd4+ {a tempo} 34. Kh1 Qf2 {a tempo} 35. Bg2 {[%eval -1,0]} Qh4+ {[%eval
160,0]} 36. Kg1 {a tempo} Qd4+ 37. Kh1 Kf7 {a tempo} 38. Qb8 g5 39. Qb3+ e6 40.
Qf3+ {1.45' Totalzeit; 0.13} Ke7 {1.51' totalzeit, 1.09} 41. Qh5 Qg7 {a tempo}
42. Qh2 Qg6 43. Qe5 Qf6 {a tempo} 44. Qc5+ Ke8 45. Qc2 {[%eval 6,0]} h5 {
[%eval 127,0]} 46. a4 g4 47. Qc5 Qf5 48. Qc3 Kf7 49. Qe1 Qf4 50. b3 {[%eval 8,
0]} g3 {[%eval 142,0]} 51. Qf1 {[%eval 185,0]} Qxf1+ {[%eval -109,0] a tempo;}
52. Bxf1 {a tempo} Ke7 53. Kg2 d5 54. Kxg3 Kd6 {a tempo} 55. Kh4 e5 56. Kxh5 {
a tempo} e4 57. a5 Kc5 {[%eval -224,0]} 58. Kg6 {[%eval 330,0]} Kd6 59. Kf6 Kc7
{[%eval -306,0]} 1-0

[Event "Mephisto Cup (40/120')"]
[Site "?"]
[Date "2012.??.??"]
[Round "3"]
[White "Mephisto 68030, Genius"]
[Black "Saitek Sparc, Renaissance"]
[Result "0-1"]
[WhiteElo "2278"]
[BlackElo "2246"]
[Annotator "xchessg"]
[PlyCount "83"]
[SourceDate "2009.11.09"]

{Riskant, RF 0.25; D+T+B 110%, L+S 100%, Sel} 1. e4 e5 {Stufe e7} 2. Nf3 Nf6 3.
d4 Nxe4 4. Bd3 d5 5. Nxe5 Bd6 6. O-O O-O 7. c4 Bxe5 8. dxe5 Nc6 9. cxd5 Qxd5
10. Qc2 Nb4 11. Bxe4 Nxc2 12. Bxd5 Bf5 13. g4 Bxg4 {[%eval -104,0] *Buch,} 14.
Be4 Nxa1 15. Bf4 f5 16. Bd5+ Kh8 17. Rc1 h6 {[%eval 12,0]} (17... c6 18. Bg2
Rg8 $6 {Mephisto Genius-Mephisto RISC 2, m (2)}) 18. Bxb7 {[%eval -24,0]
*Turnierbuch normal;} Rab8 19. Rxc7 Nc2 20. e6 {[%eval -24,0] Zeit 15';} Nd4 {
[%eval -90,0] Zeit 48';} 21. e7 Rfe8 22. Nc3 Ne6 {a tempo} 23. Bc6 Nxf4 {a
tempo} 24. Bxe8 Rxe8 {a tempo} 25. Rxa7 {[%eval -121,0]} Kg8 {[%eval -163,0] a
tempo;} 26. Nb5 Ng6 {a tempo} 27. Kg2 Rxe7 28. Rxe7 {a tempo} Nxe7 {a tempo}
29. f3 Bh5 30. Nd4 {[%eval -115,0] a tempo;} Kf7 {[%eval -177,0]} 31. a4 Kf6
32. a5 {a tempo} Nc8 33. a6 Na7 34. f4 g5 35. b4 {[%eval -106,0]} gxf4 36. b5 {
a tempo} Nc8 37. a7 Nb6 38. Kf2 Ke5 39. Ne2 {[%eval -239,0]} Bf7 {a tempo} 40.
Nc3 {[%eval -196,0] Totalzeit 1.45';} Na8 {[%eval -275,0] a tempo; Totalzeit 1.
35';} 41. Ne2 {[%eval -236,0]} Bc4 42. Nc3 {[%eval -312,0] a tempo;} 0-1

[Event "Mephisto Cup (40/120')"]
[Site "?"]
[Date "2013.??.??"]
[Round "4"]
[White "Saitek Sparc, Renaissance"]
[Black "Mephisto 68030, Genius"]
[Result "1-0"]
[WhiteElo "2246"]
[BlackElo "2278"]
[Annotator "xchessg"]
[PlyCount "77"]
[SourceDate "2009.11.09"]

{Stufe e7} 1. e4 e5 {[%emt 0:00:12] Aktiv, RF 0.25; D+T+L 110%, L+S 100%, Sel}
2. Nf3 Nf6 3. d3 $5 Nc6 {[%eval 33,0] *Turnierbuch Normal;} 4. Be2 d5 5. exd5 {
[%eval -14,0] *Turnierbuch,} Nxd5 {a tempo} 6. O-O Bd6 {a tempo} 7. Nbd2 O-O 8.
Nc4 Bf5 9. Re1 {a tempo} f6 10. Nxd6 {[%eval -2,0]} Qxd6 {[%eval 36,0] a tempo;
} 11. Nh4 Be6 {a tempo} 12. Bg4 Rad8 13. Bxe6+ Qxe6 14. Bd2 Qd7 15. a3 Nd4 16.
c3 Nc6 17. Qb3 {a tempo} Na5 18. Qa2 Qa4 19. Nf3 Qc2 20. c4 Nb3 {[%eval 66,0]
a tempo;} 21. cxd5 {[%eval 83,0]} Nxa1 {a tempo} 22. Rxa1 Rf7 23. d4 e4 24. Rc1
Qd3 {a tempo} 25. d6 {[%eval 75,0]} c6 {[%eval 78,0]} 26. Rc3 {a tempo} Qe2 27.
Re3 {a tempo} Qd1+ 28. Re1 {a tempo} Qc2 29. Bc3 Rxd6 30. Nd2 e3 {a tempo} 31.
Rxe3 Rd5 32. Nc4 {a tempo} Qc1+ 33. Re1 Qf4 {a tempo} 34. Re8+ Rf8 {a tempo}
35. g3 {[%eval 322,0]} Qf3 {[%eval -184,0]} 36. Rxf8+ Kxf8 {a tempo} 37. Bb4+
Ke8 {[%eval -284,0]} 38. Ne3 Rxd4 {[%eval -309,0]} 39. Qg8+ 1-0

[Event "Mephisto Cup (40/120')"]
[Site "?"]
[Date "2013.??.??"]
[Round "5"]
[White "Mephisto 68030, Genius"]
[Black "Saitek Sparc, Renaissance"]
[Result "0-1"]
[WhiteElo "2278"]
[BlackElo "2246"]
[Annotator "xchessg"]
[PlyCount "117"]
[SourceDate "2009.11.09"]

{Aktiv} 1. d4 Nf6 {Stufe e7} 2. c4 g6 3. Nc3 d6 4. e4 Bg7 5. Nf3 O-O 6. Be2 e5
7. Be3 Nc6 8. d5 Ne7 9. Nd2 Ne8 10. O-O {[%eval 12,0] Turnierbuch normal;} f5 {
[%eval 42,0] Buch;} 11. f4 {[%eval -27,0] a tempo;} Bh6 12. Qc1 a5 13. Ndb1
fxe4 14. fxe5 Rxf1+ {a tempo} 15. Kxf1 {[%eval 42,0]} Bxe3 {[%eval -7,0]} 16.
Qxe3 {a tempo} dxe5 17. Nxe4 Nf5 18. Qf2 Nfd6 19. Nbc3 Nxe4 20. Nxe4 {[%eval
18,0]} Nd6 {[%eval 21,0]} 21. Nc3 Bf5 22. Rd1 Qg5 23. h4 {a tempo} Qh6 24. Kg1
b6 25. c5 bxc5 26. Qxc5 Qxh4 {a tempo} 27. Qxc7 Qb4 28. Rd2 Rc8 29. Qa7 Rf8 30.
Bf1 {[%eval -45,0] a tempo;} Bg4 {[%eval -19,0]} 31. Rf2 Rxf2 32. Qxf2 {a tempo
} Bf5 33. Qe3 Qd4 34. Qxd4 exd4 35. Ne2 {[%eval -45,0]} d3 {[%eval -33,0]} 36.
Nc3 Nc4 37. b3 Nb2 38. Nb1 Be4 39. d6 Kf7 40. Kf2 {[%eval -57,0]} Nd1+ {[%eval
-6,0] a tempo} 41. Ke1 Ne3 42. Nd2 Bc6 43. g3 Nxf1 44. Kxf1 {a tempo} Ke6 45.
Kf2 Kxd6 46. Ke3 Bb5 47. Ne4+ Ke5 48. a4 Bc6 {a tempo} 49. Nd2 Bd5 {a tempo}
50. Kxd3 {[%eval -15,0]} h5 {[%eval -67,0]} 51. Kc3 g5 52. b4 axb4+ 53. Kxb4
Kd4 54. a5 Ke3 55. Nc4+ {[%eval -103,0]} Kf2 {[%eval -125,0] a tempo;} 56. a6
Kxg3 57. Kc5 Bh1 58. Kd4 {[%eval -290,0]} h4 {[%eval -279,0]} 59. Ke5 {[%eval
-309,0]} 0-1

[Event "Mephisto Cup (40/120')"]
[Site "?"]
[Date "2013.??.??"]
[Round "6"]
[White "Saitek Sparc, Renaissance"]
[Black "Mephisto 68030, Genius"]
[Result "0-1"]
[WhiteElo "2246"]
[BlackElo "2278"]
[Annotator "xchessg"]
[PlyCount "126"]
[SourceDate "2009.11.09"]

{Stufe e7} 1. e4 e5 {Activ} 2. Nf3 Nc6 3. d4 exd4 4. Nxd4 Bc5 5. Nb3 Bb6 6. a4
a6 7. Nc3 Qf6 8. Qe2 Nge7 9. Nd5 Nxd5 10. exd5+ Ne7 11. a5 Ba7 {[%eval 21,0]
*Turnierbuch normal;} 12. h4 h6 13. Bd2 Qxb2 {[%eval 75,0]} 14. Rh3 {[%eval
-56,0] Grossbuch;} Qxc2 {a tempo} 15. Rc1 Qf5 16. Rxc7 Qxd5 17. Rd3 {a tempo}
Qe6 18. Nd4 Qxe2+ 19. Bxe2 O-O 20. Bb4 {[%eval -115,0] a tempo;} Nd5 {[%eval
121,0]} 21. Bxf8 Nxc7 22. Bd6 Bxd4 {a tempo} 23. Bxc7 Bc5 24. h5 Kf8 25. Rd5 {
[%eval -104,0]} Bb4+ {[%eval 118,0]} 26. Kd1 Ke7 27. Re5+ {[%eval 0,0]} Kf6 $2
{[%eval 0,0] a tempo} (27... Kf8 $11) 28. Re3 {[%eval 105,0]} d5 {[%eval -39,0]
} 29. Be5+ Kf5 {a tempo} 30. Bxg7 Bd6 $8 {a tempo} 31. g3 $1 {[%eval 153,0]} d4
{[%eval -157,0]} 32. Rf3+ $1 {a tempo} Ke6 33. Bc4+ {a tempo} Ke7 34. Rxf7+ Ke8
{a tempo} 35. Bd5 {[%eval 194,0]} Bb4 {[%eval -169,0]} 36. Bxh6 Bg4+ 37. f3 Rd8
{[%eval -254,0] a tempo;} 38. fxg4 Rxd5 {a tempo} 39. Rxb7 Bc3 {a tempo} 40.
Bc1 {[%eval 268,0]} Kf8 {[%eval -306,0]} 41. Rb8+ (41. h6 $1) 41... Kg7 42. h6+
Kh7 43. Rb6 $6 (43. Rb7+ Kg8 44. g5 $16) 43... d3 44. Rb7+ Kg6 45. Rc7 {[%eval
205,0] a tempo;} d2 {[%eval -175,0]} 46. Ba3 Rd3 47. Rc6+ $2 (47. h7 $1) 47...
Kh7 48. Bd6 Rf3 {a tempo} 49. Rc7+ Kg6 (49... Kxh6 50. Bf4+ Kg6 51. Rc6+ Kf7
52. Bxd2 $18) 50. Rxc3 Rxc3 51. Kxd2 {[%eval 40,0]} Rc4 {[%eval -30,0]} 52. Kd3
Ra4 53. Bf4 {a tempo} Rxa5 54. Kc4 Rb5 55. g5 Rb2 56. Be5 Rb7 57. Bf6 a5 58.
Kd5 a4 59. Kc6 Rb3 60. g4 {[%eval -209,0]} a3 {[%eval 178,0]} 61. Kc5 a2 62.
Kc4 Rb1 {[%eval 342,0]} 63. Kd3 a1=Q 0-1

[Event "Mephisto Cup (40/120')"]
[Site "?"]
[Date "2013.??.??"]
[Round "7"]
[White "Mephisto 68030, Genius"]
[Black "Saitek Sparc, Renaissance"]
[Result "1-0"]
[WhiteElo "2278"]
[BlackElo "2246"]
[Annotator "xchessg"]
[PlyCount "60"]
[SourceDate "2009.11.09"]

{Aktiv} 1. e4 d6 {Stufe e7} 2. d4 Nf6 3. Nc3 g6 4. f4 Bg7 5. Nf3 c5 6. Bb5+ Bd7
7. e5 Ng4 8. e6 Bxb5 9. exf7+ Kd7 10. Nxb5 Qa5+ 11. Nc3 cxd4 12. Nxd4 Bxd4 13.
Qxd4 Nc6 14. Qc4 Qb6 15. Qe2 h5 16. Bd2 Nd4 17. Qd3 Nf5 18. Ne4 Nfe3 {[%eval
127,0] *Buch;} ({Theorie ist} 18... Nge3) (18... Rac8 {am besten}) 19. g3 {
[%eval 33,0] *Turnierbuch normal;} Qxb2 {[%eval 84,0]} 20. Ke2 {[%eval 87,0]}
Nxc2 21. Rab1 {[%eval 178,0] a tempo;} Nd4+ 22. Kf1 {a tempo} Qc2 23. Rxb7+ {
[%eval 251,0]} Kc8 {[%eval 323,0]} 24. Qxc2+ Nxc2 25. Rxe7 Nce3+ 26. Bxe3 Nxe3+
27. Ke2 {[%eval 324,0]} Nf5 {[%eval 301,0]} 28. Re8+ Kb7 29. Rb1+ Kc6 30. Nf6 {
[%eval 351,0]} Rf8 {[%eval 399,0]} 1-0

[Event "Mephisto Cup (40/120')"]
[Site "?"]
[Date "2013.??.??"]
[Round "8"]
[White "Saitek Sparc, Renaissance"]
[Black "Mephisto 68030, Genius"]
[Result "0-1"]
[WhiteElo "2246"]
[BlackElo "2278"]
[Annotator "xchessg"]
[PlyCount "151"]
[SourceDate "2009.11.09"]

{Stufe e7} 1. e4 e5 {Aktiv} 2. Nf3 Nc6 3. Bb5 a6 4. Ba4 Nf6 5. d4 exd4 6. O-O
Be7 7. e5 Ne4 8. Nxd4 O-O 9. Nf5 d5 10. Bxc6 bxc6 11. Nxe7+ Qxe7 12. Re1 Re8
13. f3 {[%eval -27,0] *Buch;} Nd6 14. Bf4 Nf5 {[%eval -9,0] *Turnierbuch
normal;} 15. c3 Nh4 16. Na3 Ng6 17. Bg3 Rb8 18. Qd2 Bf5 19. Bf2 {a tempo} Qd7
20. f4 {[%eval 3,0]} Qd8 {[%eval 21,0]} 21. Kh1 Be4 22. Rad1 Qe7 23. Be3 f6 24.
exf6 Qxf6 25. Re2 {[%eval -9,0]} Qe7 {[%eval 51,0]} 26. Rde1 Qh4 27. Rf2 Rf8
28. b4 {a tempo} Rf5 29. Kg1 {a tempo} Rh5 {a tempo} 30. h3 Qg3 {[%eval 84,0]
a tempo;} 31. f5 {[%eval -72,0]} Rxf5 32. Rxf5 Bxf5 33. Bf2 Qd3 34. Qxd3 Bxd3
35. Bg3 {[%eval -16,0]} c5 {[%eval 30,0]} 36. Bxc7 Rc8 37. Re3 Bf5 38. Bd6 cxb4
39. Bxb4 {a tempo} h5 40. Kh2 {[%eval -20,0]} Kf7 41. Re1 {a tempo} Kf6 {
[%eval 36,0]} 42. Rf1 {a tempo} Ke6 43. Nb1 Bd3 44. Rd1 {a tempo} Bc2 45. Re1+
Kf5 46. Nd2 Ne5 {a tempo} 47. Nb3 Be4 48. Bc5 h4 49. Bd4 Nc6 50. Bf2 g5 51. Nc5
Rb8 52. Re2 {a tempo} a5 53. Be3 {a tempo} Ne5 54. Rf2+ Kg6 55. Bd4 Re8 56. Nb7
a4 57. Kh1 Nd7 58. Nd6 Re6 59. Nxe4 {a tempo} dxe4 60. Rb2 Nf6 61. Kg1 e3 62.
Re2 {a tempo} Nd5 63. Kf1 Re4 64. a3 {a tempo} g4 65. hxg4 Kg5 66. Bc5 Kxg4 67.
Re1 {a tempo} h3 68. Bd6 {[%eval -144,0]} hxg2+ 69. Kxg2 Nxc3 70. Rc1 e2 {
[%eval 290,0]} 71. Re1 Nd1 72. Bb4 Nb2 73. Rg1 Nd3 74. Be1 Re3 75. Kh2+ {
[%eval -306,0]} Kf3 76. Bd2 {[%eval -467,0]} 0-1

[Event "Mephisto Cup (40/120')"]
[Site "?"]
[Date "2013.??.??"]
[Round "9"]
[White "Mephisto 68030, Genius"]
[Black "Saitek Sparc, Renaissance"]
[Result "0-1"]
[WhiteElo "2278"]
[BlackElo "2246"]
[Annotator "xchessg"]
[PlyCount "55"]
[SourceDate "2009.11.09"]

{Aktiv} 1. c4 e5 {Stufe e7} 2. Nc3 Nf6 3. Nf3 Nc6 4. g3 Bb4 5. Bg2 O-O 6. O-O
e4 7. Ng5 Bxc3 8. bxc3 Re8 9. f3 exf3 {[%eval -16,0] *Buch;} 10. Nxf3 d5 11. d4
dxc4 12. Bg5 Bg4 13. Rb1 {[%eval 42,0] *Turnierbuch normal;} Rb8 {a tempo} 14.
Kh1 Qd7 15. Bxf6 gxf6 {[%eval 11,0]} 16. Ng1 {[%eval 60,0]} Bf5 17. Rb5 Ne7 {
a tempo} 18. Ra5 b5 {a tempo} 19. Rxa7 Nd5 20. Qd2 {[%eval 51,0]} b4 21. cxb4 {
a tempo} c3 {[%eval -6,0]} 22. Qc1 Rxb4 23. e4 {[%eval -3,0] a tempo;} Bxe4 {
[%eval -185,0]} 24. Bxe4 Rxe4 25. Nf3 {[%eval -90,0]} Rb2 {[%eval -223,0] a
tempo;} 26. Qh6 Re8 27. Ra5 {[%eval -212,0]} Qf5 28. Kg1 {[%eval -554,0]} 0-1

[Event "Mephisto Cup (40/120')"]
[Site "?"]
[Date "2013.??.??"]
[Round "10"]
[White "Saitek Sparc, Renaissance"]
[Black "Mephisto 68030, Genius"]
[Result "1-0"]
[WhiteElo "2246"]
[BlackElo "2278"]
[Annotator "xchessg"]
[PlyCount "73"]
[SourceDate "2009.11.09"]

{Stufe e7} 1. d4 Nf6 {Activ} 2. c4 g6 3. Nf3 Bg7 4. g3 O-O 5. Bg2 d6 6. O-O Nc6
7. Nc3 {[%eval 22,0] *Buch} a6 8. d5 {bib} Na5 9. Nd2 c5 10. Qc2 Rb8 11. a3 {
[%eval -12,0] *Buch;} Qc7 {[%eval -12,0] *Turnierbuch normal;} 12. b3 {a tempo}
b5 13. cxb5 axb5 14. Ra2 b4 15. axb4 {[%eval -39,0]} Rxb4 {[%eval -3,0] a
tempo;} 16. Ba3 Rb8 17. Rfa1 Nb7 18. Bb2 Nd8 19. Ra7 Rb7 20. Ra8 {[%eval 56,0]}
Bg4 {[%eval -6,0]} 21. e4 Qd7 {a tempo} 22. Nd1 Bh3 23. Bxh3 {a tempo} Qxh3 24.
Ne3 Re8 25. Ndc4 {[%eval 69,0]} Qd7 {[%eval -15,0]} 26. f4 Qh3 27. e5 Ng4 28.
Nxg4 Qxg4 {a tempo} 29. exd6 Bxb2 {a tempo} 30. Qxb2 Qf3 {[%eval -127,0] a
tempo;} 31. Qd2 {[%eval 229,0]} Kg7 32. Re1 e6 {[%eval -351,0]} 33. dxe6 {
[%eval 356,0]} fxe6 34. d7 Rf8 35. Nd6 Qc6 36. Ne8+ Kf7 37. Rxd8 1-0

[Event "Mephisto Cup (40/120')"]
[Site "?"]
[Date "2010.??.??"]
[Round "1"]
[White "Mephisto 68030, Genius"]
[Black "Saitek SH7034, Magellan"]
[Result "0-1"]
[WhiteElo "2278"]
[BlackElo "2229"]
[Annotator "xchessg"]
[PlyCount "69"]
[SourceDate "2009.11.09"]

{Activ} 1. d4 d5 2. c4 c6 3. Nf3 Nf6 4. Nc3 e6 5. e3 Nbd7 6. Bd3 dxc4 7. Bxc4
b5 8. Bd3 Bb7 9. e4 b4 10. Na4 c5 11. e5 Nd5 12. O-O cxd4 13. Re1 g6 14. Bg5
Be7 {Turnierbuch} 15. Bh6 Qa5 16. Nxd4 {Turnierbuch, normal} Rc8 17. Bb5 $6 Rc7
18. Rc1 Rxc1 19. Qxc1 a6 20. Bxd7+ $6 (20. Bc6) 20... Kxd7 21. b3 Rc8 22. Qd2
Ke8 23. Rd1 (23. Bg5) 23... Rd8 24. Qc2 Nc3 $1 $17 25. Nxc3 {[%eval -169,0]}
bxc3 {-0.2} 26. Bf4 Qd5 $1 $19 27. f3 f6 28. exf6 Bxf6 29. Be3 e5 30. Re1 exd4
31. Bxd4+ Kf7 32. Bxf6 Qc5+ 33. Qf2 Qxf2+ 34. Kxf2 Kxf6 {-3.0} 35. Ke3 {[%eval
-315,0]} 0-1